| 000 | 00630nam a2200169 i 4500 | ||
|---|---|---|---|
| 001 | bg | ||
| 245 | 0 |
_aCzłowiek i technika : _bfilozoficzno-społeczne problemy : materiały z konferencji. |
|
| 260 |
_aSzczecin, _c1985. |
||
| 490 | 1 |
_aPrace Naukowe Politechniki Szczecińskiej. Instytut Nauk Ekonomicznych i Społecznych, _x0208-7170 ; _vnr 27 |
|
| 500 | _aNumeracja ser. gł. : nr 269. | ||
| 830 | 0 |
_aPrace Naukowe Politechniki Szczecińskiej. _pInstytut Nauk Ekonomicznych i Społecznych ; _vnr 27 |
|
| 040 | _cBPK | ||
| 041 | _apol | ||
| 080 | _a331.101.4:316:62 | ||
| 942 | _cKS | ||
| 008 | s pl f |000 0 pol | ||
| 999 |
_c23345 _d23345 |
||
| 856 |
_uhttp://koha.tu.koszalin.pl/cgi-bin/koha/opac-detail.pl?biblionumber=23345 _yKatalog online BPK |
||